000 00363 a2200169 4500
001 74086
020 _a9788535626513
040 _cAnchieta - Colégio São Paulo
100 _aCruz, Edson
240 1 0 _aMahâbhârata
_lpor
245 1 0 _aMahâbhârata
300 _a166
362 0 _a2010
440 1 _aPaulinas
650 4 _aLiteratura juvenil
942 _cBK
999 _c74086
_d74086